000 00620nam a2200181Ia 4500
008 100917s9999 xx 000 0 und d
082 _b18129
100 _aशर्मा विष्णु
245 _aहिंदुस्थानी संगीत पध्दती भा. 2
260 _b---
_c1914
300 _a500
365 _b0
520 _aसंगीत
630 _aहिंदुस्थानी संगीत पध्दती भा. 2
650 _aसंगीत
730 _aहिंदुस्थानी संगीत पध्दती भा. 2
942 _cBOOK
999 _c623523
_d623520